<?xml version="1.0" encoding="UTF-8"?>
<record
    xmlns:xsi="http://www.w3.org/2001/XMLSchema-instance"
    xsi:schemaLocation="http://www.loc.gov/MARC21/slim http://www.loc.gov/standards/marcxml/schema/MARC21slim.xsd"
    xmlns="http://www.loc.gov/MARC21/slim">

  <leader>01709nam a22003137a 4500</leader>
  <controlfield tag="001">BRCA_9231</controlfield>
  <controlfield tag="003">FranzMayer</controlfield>
  <controlfield tag="005">20220921134721.0</controlfield>
  <controlfield tag="008">220913b        |||||||| |||| 00| 0 eng d</controlfield>
  <datafield tag="020" ind1=" " ind2=" ">
    <subfield code="a">9784022914729</subfield>
  </datafield>
  <datafield tag="040" ind1=" " ind2=" ">
    <subfield code="b">spa</subfield>
    <subfield code="c">MFM</subfield>
  </datafield>
  <datafield tag="041" ind1="1" ind2=" ">
    <subfield code="a">spa</subfield>
    <subfield code="a">jpn</subfield>
  </datafield>
  <datafield tag="050" ind1=" " ind2=" ">
    <subfield code="a">NK9900.7.J</subfield>
    <subfield code="b">K39 2018</subfield>
  </datafield>
  <datafield tag="245" ind1="1" ind2=" ">
    <subfield code="a">Una reconsideraci&#xF3;n sobre la laca de exportaci&#xF3;n "Maquie Roman" / </subfield>
    <subfield code="c">Yayoi Kawamura y Teresa Canepa</subfield>
  </datafield>
  <datafield tag="260" ind1=" " ind2=" ">
    <subfield code="a">Tokio, Jap&#xF3;n : </subfield>
    <subfield code="b">Asahi Shimbun,</subfield>
    <subfield code="c">2018</subfield>
  </datafield>
  <datafield tag="300" ind1=" " ind2=" ">
    <subfield code="a">11 pp. : </subfield>
    <subfield code="b">il. fot. ; </subfield>
    <subfield code="c">21 x 29.5 cm. </subfield>
  </datafield>
  <datafield tag="310" ind1=" " ind2=" ">
    <subfield code="a">Mensual</subfield>
  </datafield>
  <datafield tag="440" ind1=" " ind2=" ">
    <subfield code="a">Kokka</subfield>
    <subfield code="9">28557</subfield>
    <subfield code="v">1472</subfield>
  </datafield>
  <datafield tag="500" ind1=" " ind2=" ">
    <subfield code="a">Ubicaci&#xF3;n: Librero de engargolados - Nivel 2</subfield>
  </datafield>
  <datafield tag="500" ind1=" " ind2=" ">
    <subfield code="a">Ejemplares engargolados</subfield>
  </datafield>
  <datafield tag="500" ind1=" " ind2=" ">
    <subfield code="a">Revista editada con formato de libro</subfield>
  </datafield>
  <datafield tag="500" ind1=" " ind2=" ">
    <subfield code="a">Art&#xED;culo de la revista Kokka, n&#xB0; 1472, junio 2018, Tokio (Jap&#xF3;n), pp. 38-45</subfield>
  </datafield>
  <datafield tag="520" ind1=" " ind2=" ">
    <subfield code="a">Desde el inicio de este siglo, est&#xE1;n avanzando los estudios sobre la laca japonesa de exportaci&#xF3;n del periodo Momoyama y del Edo inicial tanto dentro como fuera de Jap&#xF3;n. Gracias a la publicaci&#xF3;n de numerosos datos, se considera que se est&#xE1; en condiciones de entender la realidad de la laca de exportaci&#xF3;n.Entre varios centenares de piezas localizadas de la laca de exportaci&#xF3;n de dicho periodo, se conoce la existencia de unas piezas, pocas,  con inscripciones de dos tipos en alfabeto latino: por un lado la inscripci&#xF3;n "Morocava Luis" o simplemente "Luis" y por otro lado, la frase "Maquie Roman". - Proporcionado por las autoras.</subfield>
  </datafield>
  <datafield tag="650" ind1=" " ind2=" ">
    <subfield code="a">Lacas</subfield>
    <subfield code="x">Exportaci&#xF3;n</subfield>
    <subfield code="z">Jap&#xF3;n</subfield>
    <subfield code="9">28558</subfield>
  </datafield>
  <datafield tag="650" ind1=" " ind2=" ">
    <subfield code="a">Lacas </subfield>
    <subfield code="x">Inscripciones</subfield>
    <subfield code="x">Historia</subfield>
    <subfield code="9">28559</subfield>
  </datafield>
  <datafield tag="700" ind1=" " ind2=" ">
    <subfield code="a">Kawamura, Yayoi</subfield>
    <subfield code="e">trad.</subfield>
    <subfield code="9">28560</subfield>
  </datafield>
  <datafield tag="942" ind1=" " ind2=" ">
    <subfield code="2">lcc</subfield>
    <subfield code="c">B</subfield>
  </datafield>
  <datafield tag="999" ind1=" " ind2=" ">
    <subfield code="c">10850</subfield>
    <subfield code="d">10850</subfield>
  </datafield>
  <datafield tag="952" ind1=" " ind2=" ">
    <subfield code="0">0</subfield>
    <subfield code="1">0</subfield>
    <subfield code="2">lcc</subfield>
    <subfield code="4">0</subfield>
    <subfield code="7">0</subfield>
    <subfield code="a">BRCA</subfield>
    <subfield code="b">BRCA</subfield>
    <subfield code="d">2022-09-13</subfield>
    <subfield code="o">NK9900.7.J K39 2018</subfield>
    <subfield code="p">CONT10019</subfield>
    <subfield code="r">2022-09-13 00:00:00</subfield>
    <subfield code="w">2022-09-13</subfield>
    <subfield code="y">B</subfield>
  </datafield>
  <datafield tag="952" ind1=" " ind2=" ">
    <subfield code="0">0</subfield>
    <subfield code="1">0</subfield>
    <subfield code="2">lcc</subfield>
    <subfield code="4">0</subfield>
    <subfield code="7">0</subfield>
    <subfield code="a">BRCA</subfield>
    <subfield code="b">BRCA</subfield>
    <subfield code="d">2022-09-13</subfield>
    <subfield code="o">NK9900.7.J K39 2018</subfield>
    <subfield code="p">CONT10020</subfield>
    <subfield code="r">2022-09-13 00:00:00</subfield>
    <subfield code="w">2022-09-13</subfield>
    <subfield code="y">B</subfield>
  </datafield>
</record>
